<?xml version="1.0" encoding="UTF-8"?>
<record
    xmlns:xsi="http://www.w3.org/2001/XMLSchema-instance"
    xsi:schemaLocation="http://www.loc.gov/MARC21/slim http://www.loc.gov/standards/marcxml/schema/MARC21slim.xsd"
    xmlns="http://www.loc.gov/MARC21/slim">

  <leader>01302nam a2200253Ia 4500</leader>
  <datafield tag="952" ind1=" " ind2=" ">
    <subfield code="0">0</subfield>
    <subfield code="1">0</subfield>
    <subfield code="4">0</subfield>
    <subfield code="7">0</subfield>
    <subfield code="a">01</subfield>
    <subfield code="b">01</subfield>
    <subfield code="d">2017-03-21</subfield>
    <subfield code="l">53</subfield>
    <subfield code="o">345.72056 M611ss 2017</subfield>
    <subfield code="p">01 006492</subfield>
    <subfield code="r">2019-03-12</subfield>
    <subfield code="s">2019-03-12</subfield>
    <subfield code="t">1</subfield>
    <subfield code="w">2017-03-21</subfield>
    <subfield code="y">LB</subfield>
  </datafield>
  <datafield tag="999" ind1=" " ind2=" ">
    <subfield code="c">101750</subfield>
    <subfield code="d">101750</subfield>
  </datafield>
  <controlfield tag="005">20231102152020.0</controlfield>
  <controlfield tag="008">121028s2017    mx     f      000 0 spa d</controlfield>
  <datafield tag="020" ind1=" " ind2=" ">
    <subfield code="a">9786074068269</subfield>
  </datafield>
  <datafield tag="040" ind1=" " ind2=" ">
    <subfield code="a">RDA</subfield>
  </datafield>
  <datafield tag="050" ind1=" " ind2=" ">
    <subfield code="a">KGF2703.6</subfield>
    <subfield code="b">A44 2017</subfield>
  </datafield>
  <datafield tag="082" ind1=" " ind2=" ">
    <subfield code="a">345.72056</subfield>
    <subfield code="b">M611ss 2017</subfield>
  </datafield>
  <datafield tag="245" ind1=" " ind2=" ">
    <subfield code="a">Agenda de amparo 2017</subfield>
    <subfield code="b">: compendio de leyes, reglamentos y otras disposiciones conexas sobre la materia</subfield>
  </datafield>
  <datafield tag="250" ind1=" " ind2=" ">
    <subfield code="a">37a edici&#xF3;n</subfield>
  </datafield>
  <datafield tag="260" ind1=" " ind2=" ">
    <subfield code="a">M&#xE9;xico</subfield>
    <subfield code="b">: Ediciones Fiscales ISEF</subfield>
    <subfield code="c">, 2017</subfield>
  </datafield>
  <datafield tag="300" ind1=" " ind2=" ">
    <subfield code="a">Paginaci&#xF3;n variada</subfield>
  </datafield>
  <datafield tag="336" ind1=" " ind2=" ">
    <subfield code="a">texto</subfield>
  </datafield>
  <datafield tag="337" ind1=" " ind2=" ">
    <subfield code="a">sin medio</subfield>
  </datafield>
  <datafield tag="338" ind1=" " ind2=" ">
    <subfield code="a">volumen</subfield>
  </datafield>
  <datafield tag="505" ind1=" " ind2=" ">
    <subfield code="a">&#xCD;ndice Tem&#xE1;tico
Constituci&#xF3;n Pol&#xED;tica de los Estados Unidos mexicanos
Ley de amparo, reglamentaria de los art&#xED;culos 103 y 107 de la Constituci&#xF3;n Pol&#xED;tica de los Estados Unidos Mexicanos
Ley reglamentaria de las fracciones I y II del art&#xED;culo 105 de la Constituci&#xF3;n Pol&#xED;tica de los Estados Unidos Mexicanos
Ley org&#xE1;nica del Poder Judicial de la Federaci&#xF3;n
C&#xF3;digo Federal de Procedimiento Civiles
Ley Federal de procedimiento Administrativo
Acuerdo general 3/2013, del Pleno del Consejo de la Judicatura Federal</subfield>
  </datafield>
  <datafield tag="519" ind1=" " ind2=" ">
    <subfield code="a">Material Complementario /</subfield>
    <subfield code="b">Derecho / </subfield>
    <subfield code="d">(01 006492)</subfield>
  </datafield>
  <datafield tag="650" ind1="1" ind2="0">
    <subfield code="a">RECURSO DE AMPARO</subfield>
    <subfield code="z">M&#xC9;XICO</subfield>
  </datafield>
  <datafield tag="650" ind1="2" ind2="0">
    <subfield code="a">PROCEDIMIENTO ADMINISTRATIVO</subfield>
    <subfield code="z">M&#xC9;XICO</subfield>
  </datafield>
  <datafield tag="942" ind1=" " ind2=" ">
    <subfield code="c">LB</subfield>
  </datafield>
</record>
